| 000 | 00930nam a2200277 i 4500 | ||
|---|---|---|---|
| 001 | bg | ||
| 003 | BPK | ||
| 005 | 20200210085035.0 | ||
| 008 | 020211s1977 pl a f f |000 0 pol | ||
| 015 | _aPB 1977/6562 | ||
| 040 |
_aWA N _cBPK |
||
| 041 | 0 | _apol | |
| 080 | _a621.37/.38 | ||
| 080 | _a(075.8) | ||
| 245 | 0 | 0 |
_aZbiór zadań z układów elektronicznych impulsowych : _bpraca zbiorowa / _c[aut. Jerzy Baranowski et al.]. |
| 250 | _aWyd. 2. | ||
| 260 |
_aWarszawa : _bWydawnictwa Naukowo-Techniczne, _c1977. |
||
| 300 |
_a223 s. : _bil., wykr. ; _c24 cm. |
||
| 504 | _aBibliogr. | ||
| 655 | 4 | _aPodręczniki akademickie | |
| 650 | 4 | _aTechnika impulsów | |
| 700 | 1 |
_aBaranowski, Jerzy _c(nauki techniczne). |
|
| 710 | 2 |
_aWydawnictwa Naukowo-Techniczne _4pbl. |
|
| 856 |
_uhttp://koha.tu.koszalin.pl/cgi-bin/koha/opac-detail.pl?biblionumber=35513 _yKatalog online BPK |
||
| 942 |
_2UKD _cKS |
||
| 999 |
_c35513 _d35513 |
||